000 00399nam a22001697a 4500
999 _c11105
_d11105
003 OSt
008 220323b ||||| |||| 00| 0 eng d
020 _a9789387067844
082 _a621.39732 RAD
100 _aRAZAVI,Behzad
245 _aDesign of Analog CMOS Integrated Circuits
250 _a2nd Ed
260 _aNew Delhi
_bTMH
_c2020
300 _a782
650 _aECE
942 _2ddc
_cBK
_02